Oxalic acid in biology and medicine /

Saved in:
Bibliographic Details
Main Author: Hodgkinson, Albert
Format: Book
Language:English
Published: London [etc.] : Academic Press, 1977.
Subjects:
LEADER 00910nam a2200253 i 4500
001 c000063775
003 CARM
005 00000000000000.0
008 s1977 kach b 00000 eng d
015 |a B7812771 
019 1 |a 1285303  |z 23073084  |5 LACONCORD2021 
020 |a 0123517508 
035 |a (OCoLC)3702764  |5 LACONCORD2021 
050 0 0 |a QP801.O8 
100 1 |a Hodgkinson, Albert, 
245 1 0 |a Oxalic acid in biology and medicine /  |c [by] A. Hodgkinson. 
260 |a London [etc.] :  |b Academic Press,  |c 1977. 
300 |a xiii,325p :  |b ill, facsim, port ;  |c 24cm. 
504 |a Bibl.: p.254-319. - Index. 
650 0 |a Oxalic acid  |x Metabolism. 
852 8 |b CARM  |h A2:AE37F0  |i C00108  |p 0005500  |f BK 
082 0 4 |a 574.1/924 
999 f f |i 51a6c5c1-b17a-535b-bb44-d4968fa10918  |s 4281ce7d-38c8-546a-8408-152228fcca56 
952 f f |p Can circulate  |a CAVAL  |b CAVAL  |c CAVAL  |d CARM 1 Store  |e C00108  |f A2:AE37F0  |h Other scheme  |i book  |m 0005500